=LDR 00000nam 2200000 4500 =001 INLIS000000000003531 =005 20130612091831 =008 ***********************************Ind** =035 ##$$0010-061300000003531 =041 ##$$a Ind =082 ##$$a 612.01 =090 ##$$a 612.01, Har d =100 ##$$a Harris, Harry =245 ##$$a Dasar-dasar biokemis manusia, Harry Harris; penerjemah, Abdul Salam Safro =260 ##$$a 1994 $b Yogyakarta =300 ##$$a xv, 791 hlm., ilus., 21 cm =650 ##$$a Biologi manusia =700 ##$$a Safro, Abdul Salam M =850 ##$$a NBPNMAT